000 00753nam a2200241 a 4500
001 BRCA_5750
005 20190320205212.0
008 070311s1945----u--#######---#000-0#eng-#
041 _aeng
044 _aenk
050 4 _aHG205
_b.P73
_c1945
245 1 0 _aPractical International Financial Organization.
_bThrough Amendments to Bretton Woods Proposals.
_cAmerican Bankers Association.
260 _aE.U.A
_bAmerican Bankers Association
_c1945
300 _a47 p.
_c23 cm.
500 _aEnmienda a la propuesta de Bretton Woods; apéndices.
500 _aIgual a Q43
500 _aH65
610 2 4 _aBanco Mundial
_914586
611 2 4 _aFondo Monetario Internacional.
_914587
650 1 4 _aFinanzas
_zE.U.A
_914588
902 _aGFM
942 _2lcc
_cB
999 _c5440
_d5440